Word Ladder - Fun Fact - Statistics

General Stats
  • This quiz has been taken 77 times
  • The average score is 8 of 17
Answer Stats
Hint Answer % Correct
A liquid made by bees Honey
100%
Currency Money
82%
The part of your body used forsmelling Nose
69%
A female deer Doe
67%
A short letter or message Note
56%
To leave saliva Spit
56%
A quantity of a medicine ordrug taken (flip two letters) Dose
52%
To perform an action Does
46%
Used as a short substitute for a negative clause. Not
33%
To make liquid flow over the edge of its container (change two letters) Spill
33%
A small round or roundish mark Spot
33%
Cool Dope
30%
An adjective describingsomeone who whines a lot Mopey
30%
To whine Mope
26%
A container, typically rounded or cylindrical Pot
25%
To be mad at someone Spite
23%
To diminish or destroy the value or quality of Spoil
18%
No matching quizzes found
Score Distribution
Percent of People with Each Score
Percentile by Number Answered
Your Score History
You have not taken this quiz